00411nam a2200121Ia 4500008004100000020001800041082001700059100002700076245004500103260004000148300001000188650009100198120622s9999 xx 000 0 und d a968-6044-28-0 a863.72 M539d aMendoza, María Luisa aDe cuerpo entero / María Luisa Mendoza aMéxico : UNAM ; Ediciones Corunda a55 p. a1. MENDOZA, MARIA LUISA - BIOGRAFIA \ 2. ENSAYOS MEXICANOS \ 3. LITERATURA MEXICANAÌ